| 000 | 00379nam a22001217a 4500 | ||
|---|---|---|---|
| 999 |
_c1174 _d1174 |
||
| 005 | 20200825160533.0 | ||
| 008 | 200825b ||||| |||| 00| 0 eng d | ||
| 020 | _a0155038729 | ||
| 040 | _cCML | ||
| 245 |
_aAspects of Language. _cBolinger, D. |
||
| 260 |
_aUnited States of America _bHarcourt Brace Jovsnovich Inc _c1981 |
||
| 942 |
_2ddc _cBK _e3rd Edition _h400 _mBOL |
||